| Tag |
First Indicator |
Second Indicator |
Subfields |
| LEADER |
00000cam a2200000Ma 4500 |
| 001 |
in00004636521 |
| 006 |
m o d |
| 007 |
cr |||||||nn|n |
| 008 |
220304s2023 mdu o 000 0 eng d |
| 005 |
20230103223710.2 |
| 035 |
|
|
|a (OCoLC)on1354319783
|
| 040 |
|
|
|a P@U
|b eng
|c P@U
|d JSTOR
|
| 020 |
|
|
|a 9781501767166
|q (electronic bk.)
|
| 020 |
|
|
|a 9781501767012
|q (electronic bk.)
|
| 020 |
|
|
|a 9781501767029
|q (electronic bk.)
|
| 020 |
|
|
|a 150176702X
|q (electronic bk.)
|
| 020 |
|
|
|a 9781501767036
|q (electronic bk.)
|
| 020 |
|
|
|a 1501767038
|q (electronic bk.)
|
| 020 |
|
|
|a 150176716X
|q (electronic bk.)
|
| 020 |
|
|
|a 1501767011
|q (electronic bk.)
|
| 020 |
|
|
|z 1501767011
|
| 020 |
|
|
|z 150176716X
|
| 035 |
|
|
|a (OCoLC)1354319783
|
| 037 |
|
|
|a 22573/ctv30wfsp9
|b JSTOR
|
| 050 |
|
4 |
|a U162.6
|
| 082 |
0 |
4 |
|a 327.1747
|2 23/eng/20221219
|
| 049 |
|
|
|a TXAM
|
| 245 |
0 |
4 |
|a The Fragile Balance of Terror :
|b Deterrence in the New Nuclear Age.
|
| 264 |
|
1 |
|a [S.l.] :
|b CORNELL UNIVERSITY PRESS,
|c 2023.
|
| 264 |
|
3 |
|a Baltimore, Md. :
|b Project MUSE,
|c 0000
|
| 264 |
|
4 |
|c 2023.
|
| 300 |
|
|
|a 1 online resource (270 pages):
|b illustrations.
|
| 336 |
|
|
|a text
|b txt
|2 rdacontent
|
| 337 |
|
|
|a computer
|b c
|2 rdamedia
|
| 338 |
|
|
|a online resource
|b cr
|2 rdacarrier
|
| 490 |
1 |
|
|a Cornell studies in security affairs
|
| 588 |
|
|
|a Description based on print version record.
|
| 650 |
|
0 |
|a Security, International.
|
| 650 |
|
0 |
|a Nuclear weapons
|x Political aspects.
|
| 650 |
|
0 |
|a Balance of power.
|
| 650 |
|
0 |
|a Deterrence (Strategy)
|
| 650 |
|
7 |
|a Security, International.
|2 fast
|0 (OCoLC)fst01110895
|
| 650 |
|
7 |
|a Nuclear weapons
|x Political aspects.
|2 fast
|0 (OCoLC)fst01040990
|
| 650 |
|
7 |
|a Deterrence (Strategy)
|2 fast
|0 (OCoLC)fst00891658
|
| 650 |
|
7 |
|a Balance of power.
|2 fast
|0 (OCoLC)fst00825684
|
| 655 |
|
7 |
|a Electronic books.
|2 local
|
| 710 |
2 |
|
|a JSTOR (Organization)
|
| 710 |
2 |
|
|a Project Muse.
|e distributor.
|
| 830 |
|
0 |
|a Book collections on Project MUSE.
|
| 856 |
4 |
0 |
|u https://www.jstor.org/stable/10.7591/j.ctv310vm0j
|z Connect to the full text of this electronic book
|t 0
|
| 955 |
|
|
|a JSTOR Open Access ebooks
|
| 994 |
|
|
|a 92
|b TXA
|
| 999 |
f |
f |
|s ed757cab-77c1-4748-9731-8185aea3f92f
|i 010b50bd-15ce-4a30-b2b5-470874791c21
|t 0
|
| 952 |
f |
f |
|a Texas A&M University
|b College Station
|c Electronic Resources
|d Available Online
|t 0
|e U162.6
|h Library of Congress classification
|
| 998 |
f |
f |
|a U162.6
|t 0
|l Available Online
|